[Event "Rheinland Pfalz op Seniors 15th"]
[Site "Neustadt an der Weinstrasse"]
[Date "2017.07.16"]
[Round "2"]
[White "Biebinger, Gerhard"]
[Black "Blosze, Winfried"]
[Result "1-0"]
[WhiteElo "2286"]
[BlackElo "1851"]
[PlyCount "65"]
[EventDate "2017.07.15"]
[EventType "swiss"]
[EventRounds "9"]
[EventCountry "GER"]
[SourceTitle "EXT 2018"]
[Source "ChessBase"]
[SourceDate "2017.10.13"]
[SourceVersion "1"]
[SourceVersionDate "2017.10.13"]
[SourceQuality "1"]

1. c4 e5 2. g3 Nf6 3. Bg2 Bc5 4. Nc3 a6 5. Nf3 d6 6. d4 exd4 7. Nxd4 0-0 8. 0-0 Nbd7 9. b3 Rb8 10. Bb2 Ne5 11. h3 Bd7 12. e3 b5 13. cxb5 axb5 14. Nce2 Qc8 15. Kh2 Qa6 16. a3 Ba7 17. Nc2 c5 18. f4 Ng6 19. Bxf6 gxf6 20. Nc3 Rbd8 21. Nd5 f5 22. Qh5 Kg7 23. g4 Qc8 24. g5 f6 25. Qh6+ Kh8 26. Nxf6 Rxf6 27. gxf6 Rg8 28. Rad1 Bb8 29. Bd5 Be6 30. e4 Bxd5 31. Rxd5 Qf8 32. Qxf8 Rxf8 33. exf5 1-0

[Event "Schleswig Holstein-ch Seniors op 10th"]
[Site "Buesum"]
[Date "2016.10.02"]
[Round "7"]
[White "Moeller, Bernd"]
[Black "Blosze, Winfried"]
[Result "1-0"]
[WhiteElo "1625"]
[BlackElo "1895"]
[PlyCount "104"]
[EventDate "2016.09.26"]
[EventType "swiss"]
[EventRounds "9"]
[EventCountry "GER"]
[SourceTitle "EXT 2019"]
[Source "ChessBase"]
[SourceDate "2018.10.10"]
[SourceVersion "1"]
[SourceVersionDate "2018.10.10"]
[SourceQuality "1"]

1. d4 Nf6 2. c4 g6 3. Nc3 d5 4. Nf3 Bg7 5. e3 0-0 6. b3 c5 7. Bd3 Qa5 8. Bd2 dxc4 9. bxc4 cxd4 10. exd4 Bg4 11. Be2 Qc7 12. h3 Bf5 13. 0-0 a6 14. Rc1 Rd8 15. Be3 Nc6 16. Qb3 e6 17. Rfd1 Rac8 18. Nh4 Be4 19. Nxe4 Nxe4 20. Nf3 Nd6 21. d5 Na5 22. Qb6 Naxc4 23. Qxc7 Rxc7 24. Bb6 Nxb6 25. Rxc7 Nxd5 26. Rcc1 Ne4 27. a3 Nec3 28. Re1 Nf4 29. Bf1 Rc8 30. Rc2 b5 31. Ng5 Bf8 32. Ne4 Nfd5 33. Nxc3 Bxa3 34. Ree2 Nxc3 35. Re3 b4 36. Bxa6 Rb8 37. Kf1 b3 38. Rcxc3 b2 39. Bd3 b1Q+ 40. Bxb1 Rxb1+ 41. Ke2 Be7 42. Red3 Rb7 43. g3 h5 44. Rc4 Kg7 45. Rdc3 Bd6 46. Rc2 Kf6 47. Ra2 g5 48. Kf1 Kg6 49. Kg2 Kf6 50. Rc6 Be5 51. Rc4 Kg6 52. Rca4 Bd4 1-0

[Event "Schleswig Holstein-ch Seniors op 10th"]
[Site "Buesum"]
[Date "2016.09.29"]
[Round "4"]
[White "Gerhardt, Peter Michael"]
[Black "Blosze, Winfried"]
[Result "1-0"]
[WhiteElo "2022"]
[BlackElo "1895"]
[PlyCount "87"]
[EventDate "2016.09.26"]
[EventType "swiss"]
[EventRounds "9"]
[EventCountry "GER"]
[SourceTitle "EXT 2019"]
[Source "ChessBase"]
[SourceDate "2018.10.10"]
[SourceVersion "1"]
[SourceVersionDate "2018.10.10"]
[SourceQuality "1"]

1. Nf3 Nf6 2. g3 c5 3. Bg2 Nc6 4. 0-0 d5 5. d4 Bf5 6. c3 e6 7. Nbd2 Qb6 8. Qb3 Be7 9. dxc5 Bxc5 10. e3 0-0 11. Nd4 Bd3 12. Re1 Rad8 13. Qd1 e5 14. Nxc6 bxc6 15. Nf3 e4 16. Nd4 Bd6 17. Bf1 Bxf1 18. Rxf1 Be5 19. Qa4 Rd6 20. b4 Rc8 21. Bd2 Rd7 22. Rab1 Rb7 23. Nb3 Qc7 24. Nc5 Rb6 25. Qc2 Bd6 26. Nb3 c5 27. bxc5 Bxc5 28. c4 Bb4 29. Bxb4 Rxb4 30. c5 Rc4 31. Qd2 Rd8 32. Rfc1 Rxc1+ 33. Rxc1 Ng4 34. Qa5 Qc8 35. c6 Ne5 36. Nd4 h6 37. Kg2 Rd6 38. Qc5 Rd8 39. c7 Rd7 40. Qxa7 Nc4 41. Nb5 Re7 42. Rd1 Qg4 43. c8Q+ Qxc8 44. Qxe7 1-0

[Event "Schleswig Holstein-ch Seniors op 10th"]
[Site "Buesum"]
[Date "2016.09.27"]
[Round "2"]
[White "Huelle, Gunter"]
[Black "Blosze, Winfried"]
[Result "0-1"]
[WhiteElo "1742"]
[BlackElo "1895"]
[PlyCount "58"]
[EventDate "2016.09.26"]
[EventType "swiss"]
[EventRounds "9"]
[EventCountry "GER"]
[SourceTitle "EXT 2019"]
[Source "ChessBase"]
[SourceDate "2018.10.10"]
[SourceVersion "1"]
[SourceVersionDate "2018.10.10"]
[SourceQuality "1"]

1. b4 e5 2. Bb2 Bd6 3. a3 c6 4. f4 f6 5. f5 Nh6 6. e4 0-0 7. Bc4+ Kh8 8. Qh5 b5 9. Ba2 a5 10. c3 Bc7 11. d3 d5 12. Ke2 Bb7 13. Nd2 Na6 14. Ngf3 c5 15. Rhd1 axb4 16. axb4 cxb4 17. g4 bxc3 18. Bxc3 b4 19. Bb2 Nc5 20. exd5 Bxd5 21. Bxd5 Qxd5 22. Ne1 Na4 23. Nc4 Nxb2 24. Nxb2 Qd4 25. Rab1 Nxg4 26. Qh4 Ra2 27. Rd2 Qe3+ 28. Kd1 Qf4 29. h3 Ne3+ 0-1

[Event "GER-chA Seniors 28th"]
[Site "Niederhausen"]
[Date "2016.08.21"]
[Round "9"]
[White "Thielemann, Joachim"]
[Black "Blosze, Winfried"]
[Result "1-0"]
[WhiteElo "1854"]
[BlackElo "1914"]
[PlyCount "173"]
[EventDate "2016.08.13"]
[EventType "swiss"]
[EventRounds "9"]
[EventCountry "GER"]
[SourceTitle "EXT 2019"]
[Source "ChessBase"]
[SourceDate "2018.10.10"]
[SourceVersion "1"]
[SourceVersionDate "2018.10.10"]
[SourceQuality "1"]

1. e4 e5 2. Nc3 Nf6 3. g3 Bc5 4. Bg2 Nc6 5. Na4 Be7 6. Ne2 h5 7. d3 h4 8. h3 hxg3 9. Nxg3 d6 10. Be3 Be6 11. Nc3 Qd7 12. Nd5 0-0-0 13. Nxe7+ Qxe7 14. Qd2 Qd7 15. h4 Ng4 16. a3 Nxe3 17. Qxe3 Kb8 18. 0-0-0 Nd4 19. Ne2 Bg4 20. f3 Nxe2+ 21. Qxe2 Bh5 22. Bh3 Qe7 23. Qf2 Rh6 24. Rdf1 Rf6 25. Qg3 Rf4 26. Bg4 Bxg4 27. fxg4 Qe6 28. Rxf4 exf4 29. Qxf4 Qa2 30. Kd2 f6 31. g5 Qxb2 32. gxf6 gxf6 33. h5 Rg8 34. Rh2 Qxa3 35. Qxf6 Qa5+ 36. Ke2 Qe5 37. Qxe5 dxe5 38. h6 Rh8 39. Kf3 a5 40. Kg4 a4 41. c4 c6 42. c5 Kc7 43. Kf5 b5 44. cxb6+ Kxb6 45. Kxe5 Kc5 46. d4+ Kb5 47. Kf6 Kc4 48. Kg7 Ra8 49. Rc2+ Kxd4 50. h7 Ra7+ 51. Kg6 Ra8 52. Rxc6 Kxe4 53. Rc4+ Kd5 54. Rxa4 Rxa4 55. h8Q Ra3 56. Qd8+ Kc4 57. Kf5 Rd3 58. Qc7+ Kd4 59. Qb6+ Kc4 60. Ke4 Rd1 61. Qc6+ Kb4 62. Qb6+ Kc4 63. Qa6+ Kb4 64. Qa2 Rd8 65. Qb2+ Kc4 66. Ke3 Rd3+ 67. Ke2 Rd8 68. Qe5 Rd5 69. Qe6 Kc5 70. Ke3 Rd1 71. Qc8+ Kb5 72. Qb7+ Kc5 73. Qc7+ Kb5 74. Qe5+ Kc6 75. Qe8+ Kc5 76. Ke2 Rd6 77. Qc8+ Kb5 78. Qb7+ Kc5 79. Qc7+ Kd5 80. Kd3 Ke6+ 81. Ke4 Rd1 82. Qe5+ Kd7 83. Qg7+ Kc6 84. Qc3+ Kd6 85. Qb4+ Kc6 86. Qa4+ Kc5 87. Qxd1 1-0

[Event "GER-chA Seniors 28th"]
[Site "Niederhausen"]
[Date "2016.08.19"]
[Round "7"]
[White "Krebel, Christoph"]
[Black "Blosze, Winfried"]
[Result "1-0"]
[WhiteElo "2007"]
[BlackElo "1914"]
[PlyCount "59"]
[EventDate "2016.08.13"]
[EventType "swiss"]
[EventRounds "9"]
[EventCountry "GER"]
[SourceTitle "EXT 2019"]
[Source "ChessBase"]
[SourceDate "2018.10.10"]
[SourceVersion "1"]
[SourceVersionDate "2018.10.10"]
[SourceQuality "1"]

1. d4 Nf6 2. c4 g6 3. Nc3 d5 4. Nf3 Bg7 5. Bf4 a6 6. e3 0-0 7. Rc1 Bg4 8. h3 Bf5 9. Qb3 dxc4 10. Qxb7 Nbd7 11. Qxc7 Qxc7 12. Bxc7 Rfc8 13. Bh2 Rc6 14. Nd2 Nb6 15. g4 Bd3 16. Bg2 Rac8 17. Bxc6 Rxc6 18. Be5 Nbd7 19. Bg3 Nb6 20. Rg1 e6 21. Nf3 Nfd7 22. Kd2 Nd5 23. Ne1 Rb6 24. Nxd3 cxd3 25. Nxd5 Rxb2+ 26. Kxd3 exd5 27. Rc2 Rb5 28. Rgc1 h6 29. Rc8+ Kh7 30. R8c7 1-0